| 000 | 01841nam a2200241Ia 4500 | ||
|---|---|---|---|
| 008 | 260220t1987||||xx |||||||||||||| ||spa|| | ||
| 040 |
_aPY-SlUNAC _bspa _erda |
||
| 041 | _aspa | ||
| 082 |
_a581.098 92 _bAr18t |
||
| 100 |
_aArbo, Maria Mercedes _eAutor |
||
| 245 | 0 |
_aTurneraceae / _cpor Maria Mercedes Arbo [Autor] |
|
| 264 |
_aGinebra : _bConservatoire et Jardin Botaniques de la Ville de, _c℗1987. |
||
| 300 | _a1 volumen | ||
| 520 | _aEl libro "Turneraceae" de Maria Mercedes Arbo, publicado en 1987 por el Conservatoire et Jardin Botaniques de Ginebra, se centra en la familia de plantas Turneraceae, que incluye géneros como Turnera y Piriqueta. La obra ofrece un análisis taxonómico exhaustivo, describiendo características morfológicas, distribución geográfica y ecología de las especies dentro de esta familia. Arbo presenta una revisión sistemática que destaca la diversidad y variabilidad de las plantas, así como su importancia en los ecosistemas donde habitan. Además, el texto incluye ilustraciones y fotografías que complementan la descripción botánica, facilitando la identificación de las especies. La autora también discute aspectos relacionados con la conservación de estas plantas, subrayando la necesidad de proteger su hábitat natural ante las amenazas ambientales. Este trabajo se erige como una referencia fundamental para botánicos, ecologistas y estudiantes interesados en la sistemática de las plantas, contribuyendo al entendimiento de la biodiversidad y la conservación de la flora en diferentes regiones. | ||
| 653 | _aBotánica | ||
| 653 | _aConservación de la naturaleza | ||
| 653 | _aEspecies vegetales | ||
| 942 |
_b2026/02/17 _cBK |
||
| 999 |
_c8274 _d8274 |
||